[Event "Berlin op"]
[Site "Berlin-West"]
[Date "1986.??.??"]
[Round "?"]
[White "Ernst, Thomas"]
[Black "Lengyel, Bela"]
[Result "0-1"]
[WhiteElo "2445"]
[BlackElo "2395"]

1.e4 e5 2.Nf3 Nc6 3.Bb5 a6 4.Ba4 Nf6 5.O-O Be7 6.Re1 b5 7.Bb3 d6 8.c3 O-O
9.h3 Bb7 10.d4 Re8 11.Nbd2 Bf8 12.Bc2 Nb8 13.b3 Nbd7 14.d5 c6 15.c4 Qc7 16.Bb2 Rec8
17.Rc1 g6 18.Bb1 Qb6 19.a3 a5 20.Ba1 Ba6 21.Bd3 b4 22.axb4 axb4 23.dxc6 Nc5
24.Bb1 Qxc6 25.Bb2 Bb7 26.Nh2 Bh6 27.Nhf1 Qb6 28.Qe2 Nh5 29.Ne3 Qd8 30.Rcd1 Nf4
31.Qf1 Nfe6 32.Nf3 f6 33.Nd2 Bc6 34.Qe2 Ra7 35.Ng4 Bg7 36.Ne3 Rca8 37.Nd5 Rb8
38.Qf3 Rf7 39.Bc2 Bd7 40.Qe2 Bh6 41.Nf3 Bc6 42.Qf1 Qf8 43.Qe2 Bg7 44.Ra1 f5
45.exf5 gxf5 46.Qd2 e4 47.Nd4 Bxd5 48.cxd5 Nxd4 49.Bxd4 Bxd4 50.Qxd4 Qg7
51.Red1 Rc7 52.Ra2 Re7 53.Kf1 f4 54.Qxg7+ Kxg7 55.Rd4 Kf6 56.Ra1 Ke5 57.Rad1 Ra7
58.Rc4 Ra2 59.Re1 Rxc2 60.Rxc2 Nxb3 61.Rd1 Nc5 62.f3 b3 63.Rc4 b2 64.Rb1 Kxd5
65.Rc2 Na4 66.fxe4+ Kd4 67.Ke1 Kd3 68.Rd2+ Kc3 69.Rxd6 Kc2 70.Rxb2+ Nxb2
71.Rd7 Rb3 72.Rxh7 Re3+ 73.Kf1 Nd3 74.Kg1 Kd2 75.h4 Re1+ 76.Kh2 Ke3 77.Rg7 Nf2  0-1

[Event "ISL-ch"]
[Site "Grundarfjordur"]
[Date "1986.??.??"]
[Round "6"]
[White "Arnason, Jon L"]
[Black "Bjarnason, Saevar"]
[Result "1/2-1/2"]
[WhiteElo "2500"]
[BlackElo "2395"]

1.e4 e5 2.Nf3 Nc6 3.Bb5 a6 4.Ba4 Nf6 5.O-O Be7 6.Re1 b5 7.Bb3 O-O 8.c3 d6
9.h3 Bb7 10.d4 Re8 11.Nbd2 Bf8 12.d5 Ne7 13.Nf1 c6 14.Bg5 Ng6 15.Ne3 c5 16.Nf5 h6
17.Bc1 Bc8 18.Ng3 Nf4 19.a4 Bd7 20.Be3 N6h5 21.Nxh5 Nxh5 22.Bc2 Qf6 23.Kh2 Nf4
24.Ng1 g6 25.Qf3 Bg7 26.g3 Nh5 27.Qxf6 Nxf6 28.axb5 axb5 29.Ne2 Nh7 30.g4 Reb8
31.b4 c4 32.Kg2 f5 33.f3 f4 34.Ba7 Rb7 35.Bf2 Rbb8 36.Ba7 Rb7 37.Bf2 Rbb8
38.Reb1 Bf6 39.Ba7 Rb7 40.Bg1 Rbb8 41.Ba7 Rb7  1/2-1/2

[Event "Holon op"]
[Site "Holon"]
[Date "1986.??.??"]
[Round "?"]
[White "Murrey, Jacob"]
[Black "Shvidler, Eliahu"]
[Result "1/2-1/2"]
[WhiteElo "2460"]
[BlackElo "2435"]

1.e4 e5 2.Nf3 Nc6 3.Bb5 a6 4.Ba4 Nf6 5.O-O Be7 6.Re1 b5 7.Bb3 d6 8.c3 O-O
9.h3 Bb7 10.d4 Re8 11.Nbd2 Bf8 12.d5 Nb8 13.Nf1 h6 14.N3h2 Nbd7 15.Ng4 c6
16.dxc6 Bxc6 17.Qf3 Re7 18.Nxf6+ Nxf6 19.Bxh6 Nxe4 20.Rxe4 Bxe4 21.Qxe4 gxh6
22.Rd1 Raa7 23.Rd3 Kh8 24.Rg3 Bg7 25.Ne3 Re6 26.h4 d5 27.Nxd5 Rd7 28.h5 Rxd5
29.Qg4 Qf8 30.Bxd5 Rf6 31.Qd7 Rd6 32.Qb7 e4 33.Rg4 e3 34.fxe3 Rf6 35.Qd7 Rd6
36.Qf5 Rf6 37.Qe4 Qc8 38.Rf4 Qd7 39.Bb3 Rxf4 40.exf4 Kg8 41.Kf1 a5 42.Qa8+ Bf8
43.Qd5 Qc7 44.g3 b4 45.c4 Qa7 46.Bc2 Qa6 47.b3 Qf6 48.Qxa5 Qc3 49.Qf5 Qf3+
50.Ke1 Qxg3+ 51.Ke2 Qg2+ 52.Kd3 Bg7 53.Qc8+ Bf8 54.Qf5 Bg7 55.Qe4 Qh3+ 56.Kd2 Bc3+
57.Ke2 Qh2+ 58.Kf1 Qxh5 59.Bd3 Kf8 60.Be2 Qh3+ 61.Qg2 Qf5 62.Qa8+  1/2-1/2

[Event "HUN-ch"]
[Site "?"]
[Date "1986.??.??"]
[Round "?"]
[White "Horvath, Jozsef"]
[Black "Lukacs, Peter"]
[Result "0-1"]
[WhiteElo "2475"]
[BlackElo "2460"]

1.e4 e5 2.Nf3 Nc6 3.Bb5 a6 4.Ba4 Nf6 5.O-O Be7 6.Re1 b5 7.Bb3 d6 8.c3 O-O
9.h3 Bb7 10.d4 Re8 11.a4 h6 12.Nbd2 Bf8 13.Bc2 exd4 14.cxd4 Nb4 15.Bb1 c5
16.d5 Nd7 17.Nf1 f5 18.exf5 Rxe1 19.Qxe1 Bxd5 20.Qd1 Nf6 21.Bd2 bxa4 22.Rxa4 a5
23.Ra3 Bf7 24.N1h2 d5 25.Ne5 Qc7 26.Nhg4 Nxg4 27.Nxg4 h5 28.f6 hxg4 29.Qxg4 Qe5
30.Rf3 Qh5 31.Qd7 g6 32.Bf4 Re8 33.g4 Qh4 34.Bd6 Qg5 35.Bxf8 Rxf8 36.Kg2 d4
37.Be4 d3 38.h4 Qe5 39.Bxg6 Qd5 40.Bxf7+ Rxf7 41.Qe8+ Kh7 42.g5 d2 43.Kh2 d1=Q
44.g6+ Kxg6 45.Qg8+ Kh5 46.Qh8+ Kg4  0-1

[Event "HUN-ch"]
[Site "?"]
[Date "1986.??.??"]
[Round "?"]
[White "Perenyi, Bela"]
[Black "Lukacs, Peter"]
[Result "1/2-1/2"]
[WhiteElo "2415"]
[BlackElo "2460"]

1.e4 e5 2.Nf3 Nc6 3.Bb5 a6 4.Ba4 Nf6 5.O-O Be7 6.Re1 b5 7.Bb3 d6 8.c3 O-O
9.h3 Bb7 10.d4 Re8 11.Nbd2 Bf8 12.a3 h6 13.Ba2 Nb8 14.Qb3 Qd7 15.Qc2 c5 16.b3 cxd4
17.cxd4 Nc6 18.d5 Ne7 19.b4 Rac8 20.Qd3 g6 21.Nb3 Bg7 22.Nxe5 Qc7 23.Na5 Nd7
24.Nxd7 Bxa1 25.Bf4 Bg7 26.Nc5 Ba8 27.Qd2 g5 28.Bg3 Ng6 29.Qd1 Be5 30.Bxe5 Nxe5
31.Ncb3 Qc2 32.Bb1 Qxd1 33.Rxd1 Rc3 34.Nd4 Rec8 35.Nab3 Kf8 36.Kf1 Nc4 37.Ke2 Nxa3
38.Bd3 Nc4 39.Ra1 Nb2 40.Bb1 Na4 41.Bd3 Nb2 42.Bb1 Na4 43.Bd3 Nb2  1/2-1/2

[Event "URS-FL"]
[Site "Irkutsk"]
[Date "1986.??.??"]
[Round "?"]
[White "Aseev, Konstantin N"]
[Black "Timoshchenko, Gennadi A"]
[Result "1-0"]
[WhiteElo "2440"]
[BlackElo "2475"]

1.e4 e5 2.Nf3 Nc6 3.Bb5 a6 4.Ba4 Nf6 5.O-O Be7 6.Re1 b5 7.Bb3 O-O 8.c3 d6
9.h3 Bb7 10.d4 Re8 11.Nbd2 Bf8 12.a3 h6 13.Bc2 g6 14.Nf1 Na5 15.Ng3 Nc4 16.b3 Nb6
17.Bd3 Bg7 18.Bd2 c5 19.d5 c4 20.bxc4 bxc4 21.Bf1 a5 22.Be3 Ba6 23.Re2 Rb8
24.Rb2 Nfd7 25.Rab1 Qc7 26.Nd2 Rb7 27.h4 Reb8 28.h5 g5 29.Nf5 Nc5 30.Bxc5 Qxc5
31.Ne3 Bf8 32.Qe1 Qxa3 33.Bxc4 Nxc4 34.Ndxc4 Qa4 35.Rxb7 Rxb7 36.Ra1 Qd7
37.Nxa5 Rc7 38.c4 Bc8 39.Qb4 Ra7 40.Qb5 Qd8 41.Ra4 Bd7 42.Nc6 Rxa4 43.Qxa4 Qc8
44.Qb5 f5 45.exf5 Bxf5 46.Nxf5 Qxf5 47.Nd8 Qc2 48.g3 Qd1+ 49.Kg2 Qxh5 50.Qb1 Be7
51.Ne6 Qf7 52.c5 dxc5 53.Qb8+ Bf8 54.Qxe5 g4 55.Qe4 h5 56.Ng5 Qg7 57.Qe6+ Kh8
58.Nf7+  1-0

[Event "ISR-ch"]
[Site "?"]
[Date "1986.??.??"]
[Round "?"]
[White "Rechlis, Gad"]
[Black "Kraidman, Yair"]
[Result "1-0"]
[WhiteElo "2415"]
[BlackElo "2445"]

1.e4 e5 2.Nf3 Nc6 3.Bb5 a6 4.Ba4 Nf6 5.O-O Be7 6.Re1 b5 7.Bb3 d6 8.c3 O-O
9.h3 Bb7 10.d4 Re8 11.Nbd2 Bf8 12.a4 g6 13.Ba2 Bg7 14.d5 Nb8 15.b4 c6 16.c4 bxc4
17.Nxc4 cxd5 18.Na5 Qc7 19.Bg5 Nbd7 20.Rc1 Qb6 21.exd5 Rac8 22.Nc4 Qxb4 23.Rb1 Rxc4
24.Rxb4 Rxb4 25.Bd2 Rb2 26.Qa1 Rxa2 27.Qxa2 Nc5 28.Qa3 Nxd5 29.Bc1 e4 30.Bd2 Bc6
31.Nh2 Rb8 32.Ng4 Rb3 33.Qc1 Ne7 34.Nh6+ Kf8 35.Bf4 Nd3 36.Qc4 Bd5 37.Qc7 Bf6
38.Ng4 Nxf4 39.Nxf6 Nf5 40.Nxd5 Nxd5 41.Qc4 Rd3 42.Qxa6 Nc3 43.a5 Kg7 44.Qb7 e3
45.fxe3 Rd2 46.a6 Nh4 47.a7  1-0

[Event "Jajce (Women)"]
[Site "Jajce"]
[Date "1986.??.??"]
[Round "6"]
[White "Lematschko, Tatjana"]
[Black "Puljek Salai, Zorica"]
[Result "1/2-1/2"]
[WhiteElo "2230"]
[BlackElo "2085"]

1.e4 e5 2.Nf3 Nc6 3.Bb5 a6 4.Ba4 Nf6 5.O-O d6 6.Re1 b5 7.Bb3 Be7 8.c3 O-O
9.h3 Bb7 10.d4 Re8 11.Nbd2 Bf8 12.Bc2 h6 13.a4 Nb8 14.axb5 axb5 15.Rxa8 Bxa8
16.Bd3 c6 17.Nf1 Nbd7 18.Ng3 g6 19.Be3 Qa5 20.Qa1 Qc7 21.Qc1 Kh7 22.dxe5 dxe5
23.c4 b4 24.c5 Qa5 25.Qc4 Kg7 26.Rc1 Rb8 27.Nh4 Ng8 28.b3 Qd8 29.Nf3 Rb5
30.Be2 Bxc5 31.Qxb5 cxb5 32.Bxc5 Ngf6 33.Bxb4 Nxe4 34.Nxe4 Bxe4 35.Bc3 Qb8
36.Rd1 Bxf3 37.Bxf3 Qc7 38.Rc1 f6 39.Be2 Qb6 40.Bd2 Nf8 41.Be3 Qa5 42.Rc5 Qe1+
43.Bf1 Ne6 44.Rxb5 Nd4 45.Rb7+ Kh8 46.g3 Ne2+ 47.Kg2 Nc3 48.Rb8+ Kg7 49.Rb7+ Kh8
50.Rb8+ Kg7 51.Rb7+ Kh8 52.Rb8+  1/2-1/2

[Event "Jerusalem"]
[Site "Jerusalem"]
[Date "1986.??.??"]
[Round "?"]
[White "Rechlis, Gad"]
[Black "Kraidman, Yair"]
[Result "1-0"]
[WhiteElo "2430"]
[BlackElo "2440"]

1.e4 e5 2.Nf3 Nc6 3.Bb5 a6 4.Ba4 Nf6 5.O-O Be7 6.Re1 b5 7.Bb3 d6 8.c3 O-O
9.h3 Bb7 10.d4 Re8 11.a4 h6 12.Nbd2 Bf8 13.Bc2 Nb8 14.Bd3 c6 15.Nf1 Nbd7
16.Ng3 g6 17.b3 Bg7 18.Qc2 Qc7 19.Be3 d5 20.dxe5 dxe4 21.Bxe4 Nxe5 22.Nxe5 Qxe5
23.Bxg6 fxg6 24.Qxg6 Ne4 25.Bxh6 Qf6 26.Qxf6 Nxf6 27.Bxg7 Kxg7 28.Nf5+ Kg6
29.Nd6 Rxe1+ 30.Rxe1 Bc8 31.g4 Bd7 32.f4 bxa4 33.bxa4 c5 34.Kf2 Rb8 35.Re7 Bxa4
36.f5+ Kh6 37.Kg3 Nd5 38.Ra7 Nb6 39.h4 Bd7 40.g5+ Kg7 41.h5 Kg8 42.f6 Be6
43.Re7 Bd5 44.g6 Rf8 45.Rg7+ Kh8 46.Rh7+ Kg8 47.f7+ Bxf7 48.Nxf7  1-0

[Event "Jerusalem"]
[Site "Jerusalem"]
[Date "1986.??.??"]
[Round "?"]
[White "Gruenfeld, Yehuda"]
[Black "Kraidman, Yair"]
[Result "1-0"]
[WhiteElo "2550"]
[BlackElo "2440"]

1.e4 e5 2.Nf3 Nc6 3.Bb5 a6 4.Ba4 Nf6 5.O-O Be7 6.Re1 b5 7.Bb3 d6 8.c3 O-O
9.h3 Bb7 10.d4 Re8 11.Ng5 Rf8 12.f4 exf4 13.Bxf4 Na5 14.Bc2 Nd5 15.exd5 Bxg5
16.Qh5 h6 17.Nd2 Bxd5 18.Ne4 Bxe4 19.Bxe4 Bxf4 20.Qf5 g6 21.Qxf4 d5 22.Bf3 c6
23.Qxh6 Nc4 24.b3 Nd6 25.Re5 Qf6 26.Rf1 Qg7 27.Qf4 Rad8 28.h4 Rfe8 29.Rfe1 Rxe5
30.dxe5 Nf5 31.h5 Re8 32.c4 Ne7 33.e6 Rf8 34.cxd5 cxd5 35.Qb4 fxe6 36.Rxe6 Rxf3
37.gxf3 gxh5+ 38.Kf2 Nf5 39.Qf4 Qa7+ 40.Kf1 Ng7 41.Rc6 Qd7 42.Rxa6 Qh3+ 43.Kf2 Qc8
44.Rf6 Qc2+ 45.Kg3 h4+ 46.Kh3 Qe2 47.Rg6 Qf1+ 48.Kh2 Qa1 49.Qf6  1-0

[Event "UKR-ch"]
[Site "Kiev"]
[Date "1986.??.??"]
[Round "4"]
[White "Kruppa, Yuri"]
[Black "Podgaets, Mikhail"]
[Result "1/2-1/2"]
[WhiteElo "2445"]
[BlackElo "2455"]

1.e4 e5 2.Nf3 Nc6 3.Bb5 a6 4.Ba4 Nf6 5.O-O Be7 6.Re1 b5 7.Bb3 d6 8.c3 O-O
9.h3 Bb7 10.d4 Re8 11.Nbd2 Bf8 12.a4 Qd7 13.axb5 axb5 14.Rxa8 Bxa8 15.d5 Ne7
16.c4 Rd8 17.cxb5 Qxb5 18.Nb1 h6 19.Nc3 Qb8 20.Nh2 c6 21.Ng4 Nxg4 22.hxg4 cxd5
23.exd5 Rc8 24.Re2 Bb7 25.Be3 Ba6 26.Rd2 g6 27.Ba2  1/2-1/2

[Event "London"]
[Site "London"]
[Date "1986.??.??"]
[Round "8"]
[White "Chandler, Murray G"]
[Black "Ribli, Zoltan"]
[Result "1/2-1/2"]
[WhiteElo "2535"]
[BlackElo "2585"]

1.e4 e5 2.Nf3 Nc6 3.Bb5 a6 4.Ba4 Nf6 5.O-O Be7 6.Re1 b5 7.Bb3 d6 8.c3 O-O
9.h3 Bb7 10.d4 Re8 11.Nbd2 Bf8 12.d5 Nb8 13.c4 c6 14.Bc2 Nbd7 15.b3 Qc7 16.Bb2 Rab8
17.Rc1 g6 18.Qe2 Bh6 19.cxb5 axb5 20.Bd3 Qb6 21.dxc6 Bxc6 22.b4 Nf8 23.Rc2 Ne6
24.Qd1 Rbc8 25.Nb3  1/2-1/2

[Event "URS-ch otbor"]
[Site "Minsk"]
[Date "1986.??.??"]
[Round "?"]
[White "Smagin, Sergey"]
[Black "Klovans, Janis"]
[Result "1-0"]
[WhiteElo "2495"]
[BlackElo "2420"]

1.e4 e5 2.Nf3 Nc6 3.Bb5 a6 4.Ba4 Nf6 5.O-O Be7 6.Re1 b5 7.Bb3 d6 8.c3 O-O
9.h3 Bb7 10.d4 Re8 11.Nbd2 Bf8 12.Bc2 Nb8 13.a4 Nbd7 14.Bd3 c6 15.Nf1 g6
16.Ng3 Bg7 17.Bd2 Qc7 18.Qc1 d5 19.exd5 Nxd5 20.c4 bxc4 21.Bxc4 c5 22.dxe5 Nxe5
23.Nxe5 Bxe5 24.Bxd5 Bxd5 25.Rxe5 Rxe5 26.Bf4 Rae8 27.Qc3 Bb7 28.f3 Qd6 29.Nf1 h5
30.Bxe5 Rxe5 31.Rd1 Qxd1 32.Qxe5 Bc6 33.Qxc5 Bxa4 34.Qc8+ Kg7 35.Qxa6 Bc2
36.Kh2 Bd3 37.Ne3 Qe2 38.Qb6 Kh7 39.Qd4 Kg8 40.b4 Bb5 41.Nd5 Bc6 42.Qf6 Bxd5
43.Qd8+ Kg7 44.Qxd5 Qe3 45.Qd6 Qe8 46.Qc5 Qb8+ 47.Kh1 Qg3 48.b5 h4 49.Qb4 Qe5
50.b6 Qa1+ 51.Kh2 Qe5+ 52.f4 Qb8 53.Qc3+  1-0

[Event "URS-ch otbor"]
[Site "Minsk"]
[Date "1986.??.??"]
[Round "?"]
[White "Petrienko, Vladimir"]
[Black "Klovans, Janis"]
[Result "0-1"]
[WhiteElo "2505"]
[BlackElo "2420"]

1.e4 e5 2.Nf3 Nc6 3.Bb5 a6 4.Ba4 Nf6 5.O-O Be7 6.Re1 b5 7.Bb3 d6 8.c3 O-O
9.h3 Bb7 10.d4 Re8 11.Nbd2 Bf8 12.Bc2 Nb8 13.b3 Nbd7 14.d5 c6 15.c4 Qc7 16.Nf1 Rec8
17.Ne3 Nc5 18.Nd2 a5 19.a4 bxa4 20.bxa4 cxd5 21.cxd5 Ba6 22.Ra3 g6 23.Rc3 Qd8
24.Ba3 Nfd7 25.Qf3 Rab8 26.Rc1 Bh6 27.Bd1 Nd3 28.Rxc8 Rxc8 29.Rxc8 Qxc8 30.Ndf1 Bf8
31.Qg4 Qc7 32.Qh4 Qc3 33.Bxd6 Bxd6 34.Qd8+ Bf8 35.Qxd7 Qe1 36.Qg4 Nxf2 37.Qg3 Bc5
38.Qxf2 Bxe3 39.Qxe3 Qxf1+ 40.Kh2 Qxd1 41.Qb6 Qf1 42.d6 Qf4+ 43.Kg1 Qc1+
44.Kh2 Bc8 45.Qxa5 Qc6 46.Qd8+ Kg7 47.a5 Be6 48.Qe7 h6 49.a6 Qxe4 50.Qb7 Bd5
51.Qb2 Kf6 52.a7 Ke6 53.Qd2 Qf4+  0-1

[Event "Minsk Int"]
[Site "Minsk"]
[Date "1986.??.??"]
[Round "?"]
[White "Khalifman, Alexander"]
[Black "Mikhalchishin, Adrian"]
[Result "1/2-1/2"]
[WhiteElo "2500"]
[BlackElo "2525"]

1.e4 e5 2.Nf3 Nc6 3.Bb5 a6 4.Ba4 Nf6 5.O-O Be7 6.Re1 b5 7.Bb3 d6 8.c3 O-O
9.h3 Bb7 10.d4 Re8 11.Nbd2 Bf8 12.Bc2 g6 13.d5 Nb8 14.b3 c6 15.c4 Bh6 16.Bb2 Qc7
17.a3 Nbd7 18.dxc6 Bxc6 19.b4 Nb6 20.Bc1 Bg7 21.cxb5 axb5 22.Bb2 Bh6 23.Bb3 Qb7
24.Qe2 Rac8 25.Rad1 Red8 26.Bc2 Qa6 27.Bd3 Na4 28.Ba1 Bd7 29.Nb1 Rb8 30.Nh2 Be6
31.Qf3 Kg7 32.Bc2 Nb6 33.Bb2 Nc4 34.Bc1 Bxc1 35.Rxc1 d5 36.exd5 Bxd5 37.Qc3 Rbc8
38.a4 bxa4 39.Bd3 Qe6 40.Qa1 Nd7 41.Bxc4 Rxc4  1/2-1/2

[Event "Philadelphia"]
[Site "Philadelphia"]
[Date "1986.??.??"]
[Round "?"]
[White "Alzate, Dario"]
[Black "Dehmelt, Karl"]
[Result "1-0"]
[WhiteElo "2365"]
[BlackElo "2355"]

1.e4 e5 2.Nf3 Nc6 3.Bb5 a6 4.Ba4 Nf6 5.O-O Be7 6.Re1 b5 7.Bb3 O-O 8.c3 d6
9.h3 Bb7 10.d4 Re8 11.Nbd2 Bf8 12.Bc2 g6 13.d5 Nb8 14.b3 Bg7 15.Nf1 Nbd7
16.Ng3 Nb6 17.Rb1 c5 18.a4 Qc7 19.Qe2 Nbxd5 20.exd5 Nxd5 21.Bd2 e4 22.c4 Nc3
23.Bxc3 Bxc3 24.Nd2 e3 25.fxe3 Rxe3 26.Qf2 Rxe1+ 27.Qxe1 d5 28.Ngf1 Qd7 29.Qg3 Bxd2
30.Nxd2 dxc4 31.Qf2 Rd8 32.Rd1 c3 33.Nf1 Qe7 34.Rxd8+ Qxd8 35.Qxc5 bxa4 36.bxa4 Qf6
37.Ne3 h5 38.a5 h4 39.Ng4 Qf4 40.Qe3 Qc4 41.Qe8+ Kh7 42.Qd8 Qc5+ 43.Kh2 Kg7
44.Qf6+ Kf8 45.Ne5 Qc7 46.Kg1 Bd5 47.Nxg6+  1-0

[Event "POL-ch"]
[Site "?"]
[Date "1986.??.??"]
[Round "7"]
[White "Hawelko, Marek"]
[Black "Czerwonski, Aleksander"]
[Result "1-0"]
[WhiteElo "2440"]
[BlackElo "2320"]

1.e4 e5 2.Nf3 Nc6 3.Bb5 a6 4.Ba4 Nf6 5.O-O Be7 6.Re1 b5 7.Bb3 d6 8.c3 O-O
9.h3 Bb7 10.d4 Re8 11.Nbd2 Bf8 12.Bc2 h6 13.d5 Nb8 14.b3 c6 15.c4 Nbd7 16.a4 bxc4
17.bxc4 a5 18.Nb3 Nb6 19.Nfd2 Qd7 20.Bd3 Reb8 21.Qe2 Bc8 22.c5 dxc5 23.dxc6 Qxc6
24.Bb5 Qc7 25.Ba3 Be6 26.Rec1 c4 27.Bxf8 Kxf8 28.Nxc4 Nxc4 29.Nd2 Qe7 30.Nxc4 Bd7
31.Bxd7 Nxd7 32.Ne3 Nf6 33.Rc4 Kg8 34.Rac1 Rb4 35.Nf5 Qf8 36.Rc8 Rxc8 37.Rxc8 Ne8
38.Qd1 Kh7 39.Qd8 Rxa4 40.Qxe8 Qxe8 41.Rxe8 Rxe4 42.Ne3 f6 43.Ra8 Ra4 44.Ra7 Kg6
45.g3 h5 46.h4 Ra1+ 47.Kg2 Ra4 48.Nd5  1-0

[Event "POL-chT"]
[Site "Porabka"]
[Date "1986.??.??"]
[Round "?"]
[White "Bernard, Ryszard"]
[Black "Grabowski, Andrzej"]
[Result "1-0"]
[WhiteElo "2365"]
[BlackElo "2265"]

1.e4 e5 2.Nf3 Nc6 3.Bb5 a6 4.Ba4 Nf6 5.O-O Be7 6.Re1 b5 7.Bb3 d6 8.c3 O-O
9.h3 Bb7 10.d3 Nb8 11.Nbd2 Nbd7 12.Nf1 Nc5 13.Bc2 Re8 14.Ng3 Bf8 15.Nh2 d5
16.Qf3 g6 17.Bg5 Be7 18.h4 Kg7 19.b4 Ne6 20.Bb3 d4 21.Bxe6 fxe6 22.cxd4 exd4
23.Qf4 e5 24.Qd2 Nd7 25.Bxe7 Qxe7 26.h5 Rf8 27.Rac1 c6 28.Rf1 a5 29.bxa5 b4
30.f4 exf4 31.Rxf4 Rxf4 32.Qxf4 Ne5 33.Ng4 Nxg4 34.Qxg4 Bc8 35.Qf4 c5 36.Rf1 Rxa5
37.h6+ Kg8 38.Qb8 Qd7 39.Qe5 Rxa2 40.Qh8+  1-0

[Event "POL-chT"]
[Site "Porabka"]
[Date "1986.??.??"]
[Round "?"]
[White "Hawelko, Marek"]
[Black "Stempin, Pawel"]
[Result "0-1"]
[WhiteElo "2450"]
[BlackElo "2420"]

1.e4 e5 2.Nf3 Nc6 3.Bb5 a6 4.Ba4 Nf6 5.O-O Be7 6.Re1 b5 7.Bb3 d6 8.c3 O-O
9.h3 Bb7 10.d4 Re8 11.Ng5 Rf8 12.Nf3 Re8 13.Nbd2 Bf8 14.a4 h6 15.Bc2 exd4
16.cxd4 Nb4 17.Bb1 c5 18.d5 Nd7 19.Ra3 g6 20.Nf1 Bg7 21.N1h2 Nf6 22.Bd2 bxa4
23.Rxa4 a5 24.Ra3 Ba6 25.Qc1 Kh7 26.e5 dxe5 27.Nxe5 Qxd5 28.Nhf3 c4 29.Rd1 Rad8
30.Rxa5 Qxa5 31.Nxf7 Rxd2 32.Qxd2 Qd5 33.N7e5 Nd3 34.Nxg6 Kxg6 35.b3 cxb3
36.Qc3 Ne4 37.Qc7 Kh7 38.Ne1 Nexf2 39.Nxd3 Bxd3 40.Qg3 Nxd1  0-1

[Event "FIN-ch"]
[Site "Pori"]
[Date "1986.??.??"]
[Round "?"]
[White "Westerinen, Heikki MJ"]
[Black "Pirttimaki, Timo"]
[Result "1/2-1/2"]
[WhiteElo "2390"]
[BlackElo "2325"]

1.e4 e5 2.Nf3 Nc6 3.Bb5 a6 4.Ba4 Nf6 5.O-O Be7 6.Re1 b5 7.Bb3 d6 8.c3 O-O
9.h3 Bb7 10.d4 Re8 11.Nbd2 Bf8 12.Bc2 Nb8 13.b3 Nbd7 14.Bb2 g6 15.a4 c6 16.Qb1 Qc7
17.Qa2 Bg7 18.Rad1 Rad8 19.c4 bxa4 20.Qxa4 Nh5 21.Bc3 exd4 22.Ba5 Qb8 23.Bxd8 Qxd8
24.b4 Nf4 25.Qa5 Qxa5 26.bxa5 d3 27.Bb1  1/2-1/2

[Event "CSR-ch"]
[Site "Prague"]
[Date "1986.??.??"]
[Round "13"]
[White "Jansa, Vlastimil"]
[Black "Smejkal, Jan"]
[Result "1/2-1/2"]
[WhiteElo "2485"]
[BlackElo "2550"]

1.e4 e5 2.Nf3 Nc6 3.Bb5 a6 4.Ba4 Nf6 5.O-O Be7 6.Re1 b5 7.Bb3 d6 8.c3 O-O
9.h3 Bb7 10.d4 Re8 11.Nbd2 Bf8 12.d5 Nb8 13.a4 c6 14.dxc6 Nxc6 15.Ng5 Re7
16.axb5 axb5 17.Rxa8 Qxa8 18.Nxf7 Rxf7 19.Bxf7+ Kxf7 20.Qb3+ Kg6 21.Qxb5 Nd8
22.Qd3 Ne6 23.b4 h6  1/2-1/2

[Event "Reykjavik op"]
[Site "Reykjavik"]
[Date "1986.??.??"]
[Round "2"]
[White "Arnason, Jon L"]
[Black "Thorsteins, Karl"]
[Result "1-0"]
[WhiteElo "2500"]
[BlackElo "2445"]

1.e4 e5 2.Nf3 Nc6 3.Bb5 a6 4.Ba4 Nf6 5.O-O Be7 6.Re1 b5 7.Bb3 d6 8.c3 O-O
9.h3 Bb7 10.d4 Re8 11.Ng5 Rf8 12.Nf3 Re8 13.Nbd2 Bf8 14.d5 Nb8 15.c4 c6 16.dxc6 Nxc6
17.cxb5 axb5 18.Nf1 h6 19.Ng3 Qd7 20.Bd2 Rad8 21.Qe2 d5 22.exd5 Nxd5 23.Qxb5 Nc7
24.Qc4 Ne6 25.Rad1 Ned4 26.Nxd4 Nxd4 27.Ba4 Qe6 28.Qxe6 Rxe6 29.Bc3 Ra8 30.Bd7 Re7
31.Bg4 g6 32.Bxd4 exd4 33.Rxe7 Bxe7 34.Rxd4 Kf8 35.a3 h5 36.Bf3 Bxf3 37.gxf3 Rc8
38.Rd3 Rc2 39.b4 f5 40.Kf1 Ra2 41.Ne2 Ra1+ 42.Kg2 Ra2 43.Nf4 Kf7 44.Rb3 Bd6
45.Nd5 Ke6 46.Nc3 Rd2 47.Kf1 Be5 48.Ne2 Rd1+ 49.Kg2 f4 50.b5 Rd2 51.Nc1 Bd4
52.Nd3 Bb6 53.Nxf4+ Ke5 54.Rb2 Rxb2 55.Nd3+ Kd4 56.Nxb2 Bc5 57.a4 Kc3 58.Nd1+ Kb3
59.Ne3 Kxa4 60.Nd5 Kxb5 61.Nf4 Kc4 62.Nxg6 Bd6 63.f4 Kd5 64.Kf3 Bc5 65.f5 Bd4
66.Kf4 Bxf2 67.Kg5 Be3+ 68.Kxh5 Bc1 69.Nf8 Ba3 70.Nh7 Ke4 71.f6  1-0

[Event "Reykjavik op"]
[Site "Reykjavik"]
[Date "1986.??.??"]
[Round "9"]
[White "Byrne, Robert E"]
[Black "Geller, Efim P"]
[Result "1/2-1/2"]
[WhiteElo "2505"]
[BlackElo "2525"]

1.e4 e5 2.Nf3 Nc6 3.Bb5 a6 4.Ba4 Nf6 5.O-O Be7 6.Re1 b5 7.Bb3 O-O 8.c3 d6
9.h3 Bb7 10.d4 Re8 11.Nbd2 Bf8 12.a3 h6 13.Bc2 Nb8 14.b4 Nbd7 15.Bb2 Rb8
16.c4 exd4 17.cxb5 axb5 18.Nxd4 c5  1/2-1/2

[Event "Sao Paulo"]
[Site "Sao Paulo"]
[Date "1986.??.??"]
[Round "?"]
[White "Ioseliani, Nana"]
[Black "Rubinetti, Jorge A"]
[Result "0-1"]
[WhiteElo "2310"]
[BlackElo "2440"]

1.e4 e5 2.Nf3 Nc6 3.Bb5 a6 4.Ba4 Nf6 5.O-O Be7 6.Re1 b5 7.Bb3 d6 8.c3 O-O
9.h3 Bb7 10.d4 Re8 11.Nbd2 Bf8 12.Bc2 g6 13.d5 Nb8 14.Nf1 c6 15.dxc6 Bxc6
16.Bg5 Nbd7 17.Qd2 Qc7 18.Ng3 Bg7 19.Bh6 d5 20.Bxg7 Kxg7 21.Bb3 Nxe4 22.Nxe4 dxe4
23.Ng5 f5 24.Ne6+ Rxe6 25.Bxe6 Nc5 26.Bb3 Rd8 27.Qe2 Nd3 28.Red1 Rb8 29.a3 Qe7
30.Kh2 f4 31.f3 Nc5 32.Bd5 Bxd5 33.Rxd5 e3 34.Rad1 Rb7 35.Qc2 Nd7 36.Rd6 Ra7
37.Qb3 e2 38.Rxd7 Rxd7 39.Re1 Rd2 40.Qb4 Qh4  0-1

[Event "Sochi"]
[Site "Sochi"]
[Date "1986.??.??"]
[Round "5"]
[White "Beliavsky, Alexander G"]
[Black "Gligoric, Svetozar"]
[Result "1/2-1/2"]
[WhiteElo "2585"]
[BlackElo "2520"]

1.e4 e5 2.Nf3 Nc6 3.Bb5 a6 4.Ba4 Nf6 5.O-O Be7 6.Re1 b5 7.Bb3 O-O 8.h3 d6
9.c3 Bb7 10.d4 Re8 11.Nbd2 Bf8 12.a4 h6 13.Bc2 Rb8 14.Bd3 Bc8 15.Nf1 Bd7
16.Ng3 Qc8 17.Bf1 Qb7 18.a5 Qc8 19.Nh2 Ne7 20.f4 exf4 21.Bxf4 Ng6 22.Bd2 c5
23.Nf3 c4 24.b3 cxb3 25.Qxb3 Be6 26.Qc2 Bc4 27.Nh2 Rb7 28.Bd3 Qc6 29.Re2 Rbe7
30.Rae1 Qc7 31.Rf1 Re6 32.Ra1 Bxd3 33.Qxd3 Qc4 34.Qxc4 bxc4 35.Rae1 Rb8 36.Nf3 Rb5
37.Ra1 Re8 38.Ra4 Rc8 39.Kf2 d5 40.Re1 Rb2 41.Kf1 Rb3 42.Ne5  1/2-1/2

[Event "Sochi"]
[Site "Sochi"]
[Date "1986.??.??"]
[Round "7"]
[White "Smyslov, Vassily"]
[Black "Gligoric, Svetozar"]
[Result "1/2-1/2"]
[WhiteElo "2555"]
[BlackElo "2520"]

1.e4 e5 2.Nf3 Nc6 3.Bb5 a6 4.Ba4 Nf6 5.O-O Be7 6.Re1 b5 7.Bb3 Bb7 8.h3 O-O
9.c3 d6 10.d4 Re8 11.Nbd2 Bf8 12.a3 h6 13.Bc2 Nb8 14.b3 Nbd7 15.d5 c6 16.c4 Qc7
17.Bb2 Reb8 18.dxc6 Bxc6 19.cxb5 axb5  1/2-1/2

[Event "Sochi"]
[Site "Sochi"]
[Date "1986.??.??"]
[Round "13"]
[White "Geller, Efim P"]
[Black "Gligoric, Svetozar"]
[Result "1/2-1/2"]
[WhiteElo "2490"]
[BlackElo "2520"]

1.e4 e5 2.Nf3 Nc6 3.Bb5 a6 4.Ba4 Nf6 5.O-O Be7 6.Re1 b5 7.Bb3 d6 8.c3 O-O
9.h3 Bb7 10.d4 Re8 11.Nbd2 Bf8 12.a4 h6 13.Bc2 Rb8 14.axb5 axb5 15.Bd3 Bc8
16.Nf1 Bd7 17.Ng3 Qc8 18.Bd2 Qb7 19.b4 Ra8 20.Qb3 Rxa1 21.Rxa1 Ra8 22.Rxa8 Qxa8
23.Qb1 Qe8 24.Qa2 Qb8 25.Qa6 exd4 26.cxd4 d5 27.e5 Ne8 28.Qa3 Qa7 29.Qb2 Ne7
30.Nh2 Nc8 31.Ng4 Nb6 32.Bb1 Qa4 33.Kh2 Nc4 34.Qc3 Nxd2  1/2-1/2

[Event "Sochi"]
[Site "Sochi"]
[Date "1986.??.??"]
[Round "15"]
[White "Geller, Efim P"]
[Black "Beliavsky, Alexander G"]
[Result "0-1"]
[WhiteElo "2490"]
[BlackElo "2585"]

1.e4 e5 2.Nf3 Nc6 3.Bb5 a6 4.Ba4 Nf6 5.O-O Be7 6.Re1 b5 7.Bb3 d6 8.c3 O-O
9.h3 Bb7 10.d4 Re8 11.Nbd2 Bf8 12.Bc2 Nb8 13.b3 Nbd7 14.d5 c6 15.c4 Qc7 16.Nf1 Rec8
17.Ne3 cxd5 18.cxd5 a5 19.Bd2 b4 20.a3 Nc5 21.axb4 axb4 22.Rxa8 Rxa8 23.Qb1 Qb6
24.Nc4 Qb5 25.Be3 Ne8 26.Nfd2 f5 27.f3 Be7 28.Bf2 Bg5 29.exf5 Bxd2 30.Nxd2 Bxd5
31.Ne4 Nxe4 32.Bxe4 Nf6 33.Bxd5+ Nxd5 34.Qd1 Ra2 35.Qc1 Qa6 36.Qg5 h6 37.Qg6 Nf4
38.Qe8+ Kh7 39.f6 Rxf2  0-1

[Event "BCF-ch"]
[Site "Southampton"]
[Date "1986.??.??"]
[Round "7"]
[White "Thipsay, Praveen Mahadeo"]
[Black "Condie, Mark L"]
[Result "1/2-1/2"]
[WhiteElo "2375"]
[BlackElo "2410"]

1.e4 e5 2.Nf3 Nc6 3.Bb5 a6 4.Ba4 Nf6 5.O-O Be7 6.Re1 b5 7.Bb3 d6 8.c3 O-O
9.h3 Bb7 10.d4 Na5 11.Bc2 Nc4 12.Nbd2 Nxd2 13.Bxd2 Nd7 14.Qe2 Bf6 15.Rad1 Re8
16.dxe5 Nxe5 17.Nxe5 dxe5 18.Be3 Qe7 19.b4 Red8 20.a4 Qe8 21.axb5  1/2-1/2

[Event "Szirak"]
[Site "Szirak"]
[Date "1986.??.??"]
[Round "?"]
[White "Spraggett, Kevin"]
[Black "Smejkal, Jan"]
[Result "1/2-1/2"]
[WhiteElo "2525"]
[BlackElo "2540"]

1.e4 e5 2.Nf3 Nc6 3.Bb5 a6 4.Ba4 Nf6 5.O-O Be7 6.Re1 b5 7.Bb3 d6 8.c3 O-O
9.h3 Bb7 10.d4 Re8 11.Nbd2 Bf8 12.Bc2 Nb8 13.a4 Nbd7 14.Bd3 c6 15.Nf1 d5
16.Ng3 dxe4 17.Nxe4 exd4 18.Nxf6+ Nxf6 19.Rxe8 Qxe8 20.cxd4 c5 21.axb5 axb5
22.Rxa8 Bxa8 23.dxc5 Bxc5  1/2-1/2

[Event "Kotov mem"]
[Site "Tallinn"]
[Date "1986.??.??"]
[Round "?"]
[White "Ehlvest, Jaan"]
[Black "Smagin, Sergey"]
[Result "1/2-1/2"]
[WhiteElo "2465"]
[BlackElo "2500"]

1.e4 e5 2.Nf3 Nc6 3.Bb5 a6 4.Ba4 Nf6 5.O-O Be7 6.Re1 b5 7.Bb3 d6 8.c3 O-O
9.h3 Bb7 10.d4 Re8 11.Ng5 Rf8 12.Nf3 Re8 13.a4 h6 14.Nbd2 Bf8 15.Bc2 exd4
16.cxd4 Nb4 17.Bb1 c5 18.d5 Nd7 19.Nf1 f5 20.exf5 Nf6 21.Nh4 Nbxd5 22.Rxe8 Qxe8
23.Ng6 Qc6 24.axb5 axb5 25.Rxa8 Bxa8 26.Qe1  1/2-1/2